00847cam a2200253ua 450000100100000000500170001000800410002701000170006803500190008504000310010409000170013510000380015224500560019025000110024626000350025730000210029260000420031365000440035565000300039991000330042904900090046295201050047199900170057600001934420200929170005.0840411s1967 ag 001 0bspa d a 54041440  a(DLC) 54041440 aDO-SdBNPbBNPHUcCarPdDLC a921.4bS251Q1 aQuiles, Ismael,d1906-199394157810aSartre y su existencialismo /cIsmael Quiller, S.I. a3a ed. aMadrid :bEspasa-Calpe,c1967. a163 p. ;c18 cm.14aSARTRE, JEAN-PAUL,d1905-1980.913414 4aExistencialismo en la literatura920723 4aLiteratura francesa91074 aCatalogación derivada / LC aBNGR 001050718MOaGRbGRcCTd2010-06-25iLF1l0o p19344-10r2020-06-25w2020-06-25y1ZNo se presta c18861d18861